Manuel Mejia Vallejo (Registro nro. 9385)
[ vista simple ]
| 000 -CABECERA | |
|---|---|
| Longitud fija campo de control | 00959nam a2200301 i 4500 |
| 003 - IDENTIFICADOR DEL NUMERO DE CONTROL | |
| Identificador del número de control | CO-BoRNBP |
| 005 - FECHA Y HORA DE LA ULTIMA TRANSACCION | |
| Fecha y hora de la última transacción | 20230412220524.0 |
| 007 - CAMPO FIJO DE DESCRIPCION FISICA | |
| Campo fijo de descripción física | ta |
| 008 - CODIGOS DE INFORMACION DE LONGITUD FIJA | |
| Códigos de información de longitud fija | 200425s1989 ck a gr 000 0 spa d |
| 020 ## - NUMERO INTERNACIONAL NORMALIZADO PARA LIBROS | |
| Número Internacional Normalizado para Libros (ISBN) | 9589043658 |
| 040 ## - FUENTE DE LA CATALOGACION | |
| Centro catalogador de origen | CO-BoRNBP |
| Lengua de catalogación | spa |
| Normas de descripción | rda |
| Centro transcriptor | CO-BoRNBP |
| 041 0# - CODIGO DE LENGUA | |
| Código de lengua del texto/banda sonora o título independiente | spa |
| 043 ## - CODIGO DE AREA GEOGRAFICA | |
| Código de área geográfica | s-ck--- |
| 082 04 - NUMERO DE LA CLASIFICACION DECIMAL DEWEY | |
| Número de clasificación (R) | 928.61 |
| Número del ítem | M24v |
| Número de edición | 23 |
| 100 1# - PUNTO DE ACCESO PRINCIPAL-NOMBRE DE PERSONA | |
| Nombre de persona | Varón, Policarpo |
| Fechas asociadas al nombre | 1941- |
| Término indicativo de función | autor |
| 245 10 - TITULO PROPIAMENTE DICHO | |
| Título | Manuel Mejia Vallejo |
| Mención de responsabilidad, etc. | Policarpo Varon |
| 250 ## - MENCION DE EDICION | |
| Mención de edición | Primera edición |
| 264 #1 - PRODUCCION, PUBLICACION , DISTRIBUCION, FABRICACION Y COPYRIGHT | |
| Lugar de producción, publicación, distribución, fabricación | Bogotá, Colombia |
| Nombre del productor, editor, distribuidor, fabricante | Procultura |
| Fecha de de producción, publicación, distribución, fabricación o copyright | 1989 |
| 300 ## - DESCRIPCION FISICA | |
| Extensión | 116 páginas |
| Otras características físicas | ilustraciones a color |
| Dimensiones | 20 cm |
| 336 ## - TIPO DE CONTENIDO | |
| Término de tipo de contenido | texto |
| Código de tipo de contenido | txt |
| Fuente | rdacontent |
| 337 ## - TIPO DE MEDIO | |
| Nombre del tipo de medio | sin mediación |
| Código del tipo de medio | n |
| Fuente | rdamedia |
| 338 ## - TIPO DE SOPORTE | |
| Nombre del tipo de soporte | volumen |
| Código del tipo de soporte | nc |
| Fuente | rdacarrier |
| 490 0# - MENCION DE SERIE | |
| Mención de serie | Clásicos colombianos |
| 504 ## - NOTA DE BIBLIOGRAFIA, ETC | |
| Nota de bibliografía, etc. | Incluye referencias bibliográficas |
| 600 14 - PUNTO DE ACCESO ADICIONAL DE MATERIA - NOMBRE DE PERSONA | |
| Nombre de persona | Mejía Vallejo, Manuel |
| Fechas asociadas al nombre | 1923-1998 |
| Subdivisión de materia general (R ) | Crítica e interpretación |
| -- | Biografías |
| 650 17 - PUNTO DE ACCESO ADICIONAL DE MATERIA - TERMINO DE MATERIA | |
| Término de materia o nombre geográfico como elemento inicial | Autores colombianos |
| Fuente del encabezamiento | ARMARC |
| 942 ## - ENTRADA DE ELEMENTOS AGREGADOS (KOHA) | |
| Fuente de clasificaión o esquema | Dewey Decimal Classification |
| Koha [por defecto] tipo de item | LIbro |
| Perdido | Fuente de clasificación o esquema | Estado Físico | No para préstamo | Forma de adquisición | Localización permanente | Localización actual | Localización en estanterías | Fecha adquisición | Préstamos totales | Signatura completa | Código de barras | Fecha última consulta | Número de copia | Fecha del precio de reemplazo | Tipo de item de Koha |
|---|---|---|---|---|---|---|---|---|---|---|---|---|---|---|---|
| Dewey Decimal Classification | Colección General | Biblioteca Pública Guamal | Biblioteca Pública Guamal | General | 04/12/2023 | C863.44 M24V | GUA003104 | 04/12/2023 | Ej.1 | 04/12/2023 | Libro Literatura |